| 000 | 00528nam a22001937a 4500 | ||
|---|---|---|---|
| 003 | AR-RoIUNI | ||
| 005 | 20251126135210.0 | ||
| 007 | ta | ||
| 008 | 181214s2013 br fr|||| 001 0 spa d | ||
| 022 | _a2318258X | ||
| 040 | _cIUNIR | ||
| 080 | _a378 REV | ||
| 245 | 1 |
_aRevista academica / _cIESLA - Instituto de Educaçao Superior Latinoamericano |
|
| 260 |
_aBelo Horizonte: _bEdiçoes Superiores, _c2013 |
||
| 300 |
_a[s. n.]. ; _c23 cm. |
||
| 362 | _av. 1, set. 2013 | ||
| 650 | 1 | 0 |
_9489 _aEducación Superior |
| 942 |
_2cdu _cCR |
||
| 999 |
_c4199 _d4199 |
||